Susan Sontag: A betegség mint metafora. az AIDS és metaforái

Elmentve itt :
Bibliográfiai részletek
Szerző: KISGYÖRGY Réka
Adatforrás:Meister
Forrásdokumentuma:Helikon. -
4 sz., 1991, 2 p.
Nyelv:magyar
Kulcsszavak:szociálpszichológia-recenzió
betegség
stigmatizáció
rák
AIDS
SONTAG Susan
LEADER 00500nab a2200181 i 4500
001 bibPRO00009162
008 060524s1991 xx hun
040 |a Sz1 
041 |a hun 
100 1 |a KISGYÖRGY Réka 
245 1 0 |a Susan Sontag: A betegség mint metafora. az AIDS és metaforái  |c KISGYÖRGY Réka 
695 |a szociálpszichológia-recenzió 
695 |a betegség 
695 |a stigmatizáció 
695 |a rák 
695 |a AIDS 
695 |a SONTAG Susan 
773 0 |t Helikon. -  |g 4 sz., 1991, 2 p.